Текст томруулах:    
The tapestry of culture (Бичлэгийн дугаар. 145575)
000 -УДИРДЛАГА
Удирдлага 00881nam a22002897a 4500
003 - ХЯНАЛТЫН ТОО ТОДОРХОЙЛОГЧ
Код MN-UlNUM
005 - БИЧИЛТ ХИЙСЭН ОГНОО
Тухайн бичилтийг бичсэн засварласан сүүлийн огноо 20251113140206.0
008 - ЕРӨНХИЙ МЭДЭЭЛЭЛ
Ерөнхий мэдээлэл 251113s2004 maua|||| |||| 00| 0 eng |
020 ## - ISBN
ISBN 0072830255
040 ## - БИЧЛЭГ ҮҮСГЭГЧ БАЙГУУЛЛАГА
Бичлэг үүсгэгч номын сангийн код МУИС-ийн номын сан
084 ## - ББК АНГИЛАЛ
Нэмэлт тусгалт Нэг сэдэвт бүтээл
ББК ангилал 71.04
Зохиогчийн гурван тэмдэгт R 79
Мэдлэгийн ялгаа 71 - Соёл
100 1# - ЗОХИОГЧ
Зохиогчийн нэр Rosman, Abraham.
245 14 - ҮНДСЭН ГАРЧИГ
Номын нэр The tapestry of culture
Бага гарчгийн мэдээ an introduction to cultural anthropology
Оролцогчдын тухай мэдээ Abraham Rosman, Paula G. Rubel.
250 ## - ДАХИН ХЭВЛЭЛТ
Дахин гаралтын дугаар 8th ed.
260 ## - ГАРАЛТЫН МЭДЭЭ
Хэвлэгдсэн газар Boston, Mass. :
Хэвлэлийн газар McGraw-Hill,
Хэвлэгдсэн он 2004.
300 ## - МАТЕРИАЛЫН ТОДОРХОЙЛОЛТ
хуудасны тоо xxviii, 422, [32] p. :
Бусад тоон мэдээлэл ill. ;
Хэмжээ 24 cm.
500 ## - Тайлбар
Дансны дугаар БС 2093
546 ## - ХЭЛНИЙ ТУХАЙ МЭДЭЭ
Хэл Англи хэл дээр,
653 ## - Түлхүүр үг
Түлхүүр үг ethnology
700 1# - ХАМ ЗОХИОГЧИД
Ба бус Rubel, Paula G.
740 ## - НОМЫН ГАРЧИГ
Гарчиг Anthropological Perspectives
740 ## - НОМЫН ГАРЧИГ
Гарчиг The Anthropological Method
740 ## - НОМЫН ГАРЧИГ
Гарчиг Language and Culture
740 ## - НОМЫН ГАРЧИГ
Гарчиг Learning Language and Culture: Culture and the Individual
942 ## - ЭЛЕМЕНТИЙН ТӨРӨЛ
Зүйлийн төрөл Ном